| 000 | 00335nam a22001457a 4500 | ||
|---|---|---|---|
| 003 | SGT | ||
| 020 | _a978-81-272-0583-4 | ||
| 082 |
_a630.68 _bBRO |
||
| 100 | _aBROADWAY, A.C. | ||
| 245 | _aA TEXT BOOK OF AGRI-BUSINESS MANAGEMENT | ||
| 260 |
_aDELHI _bKALYANI _c2022 |
||
| 300 | _a634 | ||
| 650 | _aAGRI-BUSINESS | ||
| 942 |
_2ddc _cBK |
||
| 999 |
_c25678 _d25678 |
||